MLB home run leaders 2025 - Statistics

General Stats
  • This quiz has been taken 61 times
  • The average score is 16 of 20
Answer Stats
Team and
(number of home runs)
Player % Correct
4. Yankees (53) Aaron Judge
100%
1. Mariners (60) Cal Raleigh
100%
3. Dodgers (55) Shohei Ohtani
100%
2. Phillies (56) Kyle Schwarber
98%
7. Mets (43) Juan Soto
94%
13. Red Sox/Giants (35) Rafael Devers
94%
10. A's (36) Nick Kurtz
92%
8. Mets (38) Pete Alonso
92%
5. Diamondbacks/Mariners (49) Eugenio Suarez
90%
6. Rays (45) Junior Caminero
85%
10. Tigers (36) Riley Greene
85%
13. Twins (35) Byron Buxton
83%
17. Mariners (32) Julio Rodriguez
79%
17. Blue Jays (32) George Springer
75%
9. Angels (37) Jo Adell
73%
15. Cubs (34) Michael Busch
67%
17. Cubs (32) Seiya Suzuki
60%
17.Royals (32) Vinnie Pasquantino
60%
15. Yankees (34) Trent Grisham
56%
10. Angels (36) Taylor Ward
54%
No matching quizzes found
Score Distribution
Percent of People with Each Score
Percentile by Number Answered
Your Score History
You have not taken this quiz